|
|
|
|
| LEADER |
00000naa2a2200000 4500 |
| 001 |
626378 |
| 005 |
20240206110713.0 |
| 035 |
|
|
|a (RuTPU)RU\TPU\conf\25747
|
| 035 |
|
|
|a RU\TPU\conf\25741
|
| 090 |
|
|
|a 626378
|
| 100 |
|
|
|a 20180228d2018 k y0rusy50 ca
|
| 101 |
0 |
|
|a rus
|
| 102 |
|
|
|a RU
|
| 105 |
|
|
|a y z 101zy
|
| 135 |
|
|
|a drcn ---uucaa
|
| 181 |
|
0 |
|a i
|
| 182 |
|
0 |
|a b
|
| 200 |
1 |
|
|a Разработка регулятора скользящих режимов для испытательной установки химического реактора с водяной рубашкой
|f Д. В. Бутузов, И. А. Тутов
|
| 203 |
|
|
|a Текст
|c электронный
|
| 225 |
1 |
|
|a Информационные технологии в производстве и управлении предприятием
|
| 300 |
|
|
|a Заглавие с титульного экрана
|
| 320 |
|
|
|a [Библиогр.: с. 267 (3 назв.)]
|
| 463 |
|
0 |
|0 (RuTPU)RU\TPU\conf\25518
|t Молодежь и современные информационные технологии
|o сборник трудов XV Международной научно-практической конференции студентов, аспирантов и молодых учёных, 04-07 декабря 2017 г., г. Томск
|f Национальный исследовательский Томский политехнический университет, Инженерная школа информационных технологий и робототехники ; под ред. С. С. Михалевич [и др.]
|v [С. 266-267]
|d 2018
|
| 610 |
1 |
|
|a электронный ресурс
|
| 610 |
1 |
|
|a труды учёных ТПУ
|
| 610 |
1 |
|
|a регуляторы
|
| 610 |
1 |
|
|a скользящие режимы
|
| 610 |
1 |
|
|a испытательные установки
|
| 610 |
1 |
|
|a химические реакторы
|
| 610 |
1 |
|
|a самонастраивающиеся системы
|
| 610 |
1 |
|
|a надежность
|
| 700 |
|
1 |
|a Бутузов
|b Д. В.
|
| 701 |
|
1 |
|a Тутов
|b И. А.
|c специалист в области автоматического управления
|c ассистент Томского политехнического университета
|f 1989-
|g Иван Андреевич
|3 (RuTPU)RU\TPU\pers\31573
|9 15733
|
| 712 |
0 |
2 |
|a Национальный исследовательский Томский политехнический университет
|b Инженерная школа информационных технологий и робототехники
|b Отделение автоматизации и робототехники (ОАР)
|3 (RuTPU)RU\TPU\col\23553
|
| 801 |
|
2 |
|a RU
|b 63413507
|c 20201229
|g RCR
|
| 856 |
4 |
|
|u http://earchive.tpu.ru/handle/11683/46443
|
| 942 |
|
|
|c BK
|